00383 a2200109 4500001001000000005001700010008004100027245005500068100003000123700002200153773009800175ART_4104620260410162017.0260409a 10aRégimen legal de las compensaciones económicas1 aBerbere Delgado, Jorge C.1 aMerlo, Leandro M.0 tTemas de derecho de familia, sucesiones y bioéticag- Año 1, Nº 11 (nov. 2016)wREV41029